Nghiên cứu quy trình chế biến nước đóng lon từ rau xá xị ( Limnophila rugosa) : Báo cáo tổng kết đề tài nghiên cứu khoa học cấp Trường
Spremljeno u:
| Glavni autor: | |
|---|---|
| Format: | Knjiga |
| Jezik: | Undetermined |
| Izdano: |
Đại học Công nghiệp TP. Hồ Chí Minh
2024
|
| Teme: | |
| Oznake: |
Dodaj oznaku
Bez oznaka, Budi prvi tko označuje ovaj zapis!
|
| Thư viện lưu trữ: | Trung tâm Thư viện - Trường Đại học Công nghiệp TP. Hồ Chí Minh |
|---|
| LEADER | 00730nam a2200157Ia 4500 | ||
|---|---|---|---|
| 001 | IUH_2025_00545 | ||
| 008 | 251224s9999 xx 000 0 und d | ||
| 082 | |a 660.6 | ||
| 100 | |a Cao, Châu Hồng Thắm | ||
| 245 | 0 | |a Nghiên cứu quy trình chế biến nước đóng lon từ rau xá xị ( Limnophila rugosa) : Báo cáo tổng kết đề tài nghiên cứu khoa học cấp Trường | |
| 245 | 0 | |c Cao, Châu Hồng Thắm | |
| 260 | |b Đại học Công nghiệp TP. Hồ Chí Minh | ||
| 260 | |c 2024 | ||
| 650 | |a Rau xá xị; | ||
| 927 | |a Đề tài khoa học | ||
| 980 | |a Trung tâm Thư viện - Trường Đại học Công nghiệp TP. Hồ Chí Minh | ||